| 000 | 00715nam a2200217 i 4500 | ||
|---|---|---|---|
| 001 | 149731 | ||
| 003 | ES-MaACL | ||
| 005 | 20230906203231.0 | ||
| 007 | t| | ||
| 008 | 071024s1924 fr ||||1| fre d | ||
| 100 | 1 |
_aVaucher, Eugène. _9113307 |
|
| 245 | 1 | 0 |
_aSepticémies, septicopyohémies, bactériémies / _cpar les Drs E. Vaucher,... et P. Woringer,...; Préface du Professeur Fernand Widal... |
| 260 |
_aParis : _bG. Doin, _c1924. |
||
| 300 |
_aXV, 489 p. ; _c18 cm. |
||
| 490 | 1 | _aEncyclopédie scientifique | |
| 700 | 1 |
_aWoringer, Pierre. _9117368 |
|
| 700 | 1 |
_aWidal, Fernad. _9116744 |
|
| 830 | 0 |
_aEncyclopédie scientifique _9180883 |
|
| 852 |
_aES-MaACL _jD-4308 _bR.4698 |
||
| 999 |
_c149731 _d149731 |
||